000 00360 a2200109 4500
001 ART_42866
005 20260410161918.0
008 260409a
245 1 0 _aSector portuario
100 1 _aSarro, Lucía Andrea
773 0 _tDocumentos de trabajo de contabilidad, auditoría y responsabilidad social
_g- Año 5, Nº 10 (dic. 2015)
_wREV14385
999 _c27477
_d27477